| 000 | 006070000a22002050004500 | ||
|---|---|---|---|
| 003 | LK-CoMWRAF | ||
| 005 | 20231106183456.0 | ||
| 008 | 230817t1982 ||||| |||| 00| 0 eng d | ||
| 020 | _a0139620923 | ||
| 040 |
_aLK-CoMWRAF _dLK-CoMWRAF _eLK-CoMWRAF |
||
| 041 | _aeng | ||
| 082 |
_a305.4 _bTIF |
||
| 100 | _aTiffany, Sharon W. | ||
| 245 |
_aWomen, Work and Motherhood: _bThe Power of Female Sexuality in the Workplace |
||
| 260 |
_bNew Jersy: _aPrentice-hall, _c1982 |
||
| 300 |
_a vii, 148 p. ; 21 cm. _bBibliography and index included |
||
| 650 | _aWOMEN-Motherhood | ||
| 650 | _aSex role | ||
| 942 | _cBK | ||
| 999 |
_c1432 _d1432 |
||